<?xml version="1.0" encoding="UTF-8"?>
<collection xmlns="http://www.loc.gov/MARC21/slim">
<record>
  <controlfield tag="001">108984</controlfield>
  <controlfield tag="005">20211216104801.0</controlfield>
  <datafield tag="037" ind1=" " ind2=" ">
    <subfield code="a">TAZ-TFG-2021-354</subfield>
  </datafield>
  <datafield tag="041" ind1=" " ind2=" ">
    <subfield code="a">spa</subfield>
  </datafield>
  <datafield tag="100" ind1="1" ind2=" ">
    <subfield code="a">Melero Valero, Natalia María</subfield>
  </datafield>
  <datafield tag="242" ind1="0" ind2="0">
    <subfield code="a">Bibliographic review about impact and psychosocial coping with female androgenetic alopecia</subfield>
  </datafield>
  <datafield tag="245" ind1="0" ind2="0">
    <subfield code="a">Revisión bibliográfica sobre el impacto y el afrontamiento psicosocial de la alopecia androgénica femenina</subfield>
  </datafield>
  <datafield tag="260" ind1=" " ind2=" ">
    <subfield code="a">Zaragoza</subfield>
    <subfield code="b">Universidad de Zaragoza</subfield>
    <subfield code="c">2021</subfield>
  </datafield>
  <datafield tag="506" ind1=" " ind2=" ">
    <subfield code="a">by-nc-sa</subfield>
    <subfield code="b">Creative Commons</subfield>
    <subfield code="c">3.0</subfield>
    <subfield code="u">http://creativecommons.org/licenses/by-nc-sa/3.0/</subfield>
  </datafield>
  <datafield tag="520" ind1=" " ind2=" ">
    <subfield code="a">Introducción: La alopecia androgénica femenina es una patología genética&lt;br />multifactorial que cada vez está más presente en nuestra sociedad. Dicha afección no solo está relacionada con un tratamiento médico, sino que &lt;br />también con una repercusión psicológica. Objetivo: Realizar una revisión bibliográfica sobre el impacto y el afrontamiento psicosocial de la alopecia femenina de origen androgénico. Metodología: Para la realización de la revisión bibliográfica se hicieron búsquedas con lenguaje controlado en diferentes bases de datos. Los operadores booleanos utilizados, para la obtención de artículos en español e inglés, fueron “AND” y “NOT”. Y se filtraron los resultados por límite temporal de 2011 a 2021. Desarrollo: Se seleccionaron un total de 12 artículos, en los que se encontró una gran relación entre el impacto psicosocial, el distrés emocional y el empeoramiento de la calidad de vida; además de la importancia de la intervención psicológica. También, se identificaron diferentes diagnósticos de enfermería, basándose en los artículos utilizados. Conclusión: Existe un gran impacto psicosocial y una afectación en la calidad de vida, por lo que se considera importante la &lt;br />intervención psicológica. Además, la labor de enfermería podría ser esencial para un mejor manejo de este problema de salud.&lt;br />&lt;br /></subfield>
  </datafield>
  <datafield tag="521" ind1=" " ind2=" ">
    <subfield code="a">Graduado en Enfermería</subfield>
  </datafield>
  <datafield tag="540" ind1=" " ind2=" ">
    <subfield code="a">Derechos regulados por licencia Creative Commons</subfield>
  </datafield>
  <datafield tag="700" ind1=" " ind2=" ">
    <subfield code="a">Estrada Fernández, María Eugenia</subfield>
    <subfield code="e">dir.</subfield>
  </datafield>
  <datafield tag="710" ind1="2" ind2=" ">
    <subfield code="a">Universidad de Zaragoza</subfield>
    <subfield code="b">Medicina, Psiquiatría y Dermatología</subfield>
    <subfield code="c">Dermatología</subfield>
  </datafield>
  <datafield tag="856" ind1="0" ind2=" ">
    <subfield code="f">755123@unizar.es</subfield>
  </datafield>
  <datafield tag="856" ind1="4" ind2=" ">
    <subfield code="s">1045070</subfield>
    <subfield code="u">http://zaguan.unizar.es/record/108984/files/TAZ-TFG-2021-354.pdf</subfield>
    <subfield code="y">Memoria (spa)</subfield>
  </datafield>
  <datafield tag="909" ind1="C" ind2="O">
    <subfield code="o">oai:zaguan.unizar.es:108984</subfield>
    <subfield code="p">driver</subfield>
    <subfield code="p">trabajos-fin-grado</subfield>
  </datafield>
  <datafield tag="950" ind1=" " ind2=" ">
    <subfield code="a"></subfield>
  </datafield>
  <datafield tag="980" ind1=" " ind2=" ">
    <subfield code="a">TAZ</subfield>
    <subfield code="b">TFG</subfield>
    <subfield code="c">ENFHUES</subfield>
  </datafield>
  <datafield tag="999" ind1=" " ind2=" ">
    <subfield code="a">20210425200000.CREATION_DATE</subfield>
  </datafield>
  <datafield tag="951" ind1=" " ind2=" ">
    <subfield code="a">deposita:2021-12-16</subfield>
  </datafield>
</record>
</collection>